000 00435nam a2200169Ia 4500
008 180921t2015 xxu||||| |||| 00| 0 sin d
041 _asin
080 _a294.3
_bMUN
100 _aMunasjngha, Dharmasiri T.M.
245 _aප්‍රඥා දැක්ම
246 _aPragha Dakma
260 _bFast Publisher
_aColombo
_c2015
300 _b174p, 22cm
942 _cBK
999 _c3694
_d3694
003 LK-CoDNM
040 _aLK-CoDNM
_dLK-CoDNM
_eLK-CoDNM